Making faces: Self and image creation in a Himalayan valley (Record no. 395062)

MARC details
000 -LEADER
fixed length control field 00535 a2200205 4500
005 - DATE & TIME
control field 20260210112128.0
008 - FIXED-LENGTH DATA ELEMENTS--GENERAL INFORMATION
fixed length control field 260209b |||||||| |||| 00| 0 eng d
020 ## - ISBN
International Standard Book Number 9789383098019
Price Rs. 1250.00
040 ## - CATALOGING SOURCE
Original cataloging agency VIVEKANANDA LIBRARY
082 ## - DDC NUMBER
Classification number 701.0954
Book Number H59M
100 ## - MAIN ENTRY--PERSONAL NAME
Personal name Hingorani, Alka
110 ## - MAIN ENTRY--CORPORATE NAME
Corporate name Hingorani, Alka
245 ## - TITLE STATEMENT
Title Making faces: Self and image creation in a Himalayan valley
260 ## - PUBLICATION, DISTRIBUTION, ETC. (IMPRINT)
Name of publisher, distributor, etc Niyogi Books
Place of publication, distribution, etc New Delhi
Date of publication, distribution, etc 2013
300 ## - PHYSICAL DESCRIPTION
Pages x, 147
650 ## - Subject
Subject Arts
650 ## - Subject
Subject Visual Arts
650 ## - Subject
Subject India
942 ## - ADDED ENTRY ELEMENTS (KOHA)
Koha item type Books
Holdings
Withdrawn status Lost status Source of classification or shelving scheme Damaged status Not for loan Location (home branch) Sublocation or collection (holding branch) Shelving location Date acquired Koha issues (times borrowed) Koha full call number Accession No. Koha date last seen Koha item type
    Dewey Decimal Classification     VIVEKANANDA LIBRARY VIVEKANANDA LIBRARY Vivekananda Library 27/01/2026   701.0954 H59M 444314 27/01/2026 Books
© Designed and Maintained by Vivekananda Library, MDU Rohtak